000 01492nam0a2200325 4500
001 RU\NLR\BIBL_A\022779098
005 20260412095834.0
010 _a5-7035-1305-7
_dб.ц.
_9250
021 _aRU
_b97-7368
035 _a(NLR Aleph) 022779098
090 _a13656122
_c13656122
100 _a20260408d1996 k y0rusy50 ca
101 0 _arus
102 _aRU
105 _ay j 000 y
181 0 _ai
_baxxe
182 0 _an
200 1 _aНадежность систем авиационного оборудования
_eучебное пособие
_fМ.Г. Акопян
_gМосковский государственный авиационный институт (технический университет)
203 _aТекст
_bвизуальный
_cнепосредственный
210 _aМосква
_cМосковский авиационный институт
_d1996
215 _a85, [2] с.
_d20
320 _aБиблиогр.: с. 85-86 (20 назв.)
606 1 _aСамолеты
_jРуководства, пособия и т.п. для высшей школы
_xОборудование
_xНадежность
_91555990
_3RU\NLR\AUTH\66980687
686 1 _aО56-021.1я73-1
700 1 _aАкопов
_bМ. Г.
_gМихаил Георгиевич
712 0 2 _4475
_aМосковский авиационный институт
_9283420
_3RU\NLR\AUTH\885850
852 _aNLR
_j97-4/3184
942 _cBOOK
980 _aNB